| 000 | 01264nam a2200349 i 4500 | ||
|---|---|---|---|
| 003 | EG-GICUC | ||
| 005 | 20260420125523.0 | ||
| 008 | 260420s1934 fr fr|||| 00| 0 fre d | ||
| 040 |
_aEG-GiCUC _bfre _cEG-GiCUC _dEG-GiCUC _eRda |
||
| 041 | _afre | ||
| 082 | 0 | 4 |
_221 _a343.4 _bRI . L |
| 092 | 0 | 4 | _221 |
| 099 | _aLaw1 10 343.4 RI . L 1934 | ||
| 100 | 1 |
_aShams, Riad R. _eAuteur |
|
| 245 | 1 | 3 |
_a La liberté individuelle dans la législation pénale égyptienne : _b ses garanties : telles qu'elles sont, telles qu'elles doivent être / _c par Riad R. Shams. |
| 264 | 1 |
_aLe Caire : _bImp. F. E. Noury & Fils, _c1934. |
|
| 300 |
_a253page; _c 24 cm. |
||
| 336 |
_2rda contenu _a texte |
||
| 337 |
_2rda medias _aOrdinateur |
||
| 338 |
_2 transporteur rda _a Ressource en ligne |
||
| 546 | _aTexte en français | ||
| 650 | 1 |
_aDroit pénal _z Égypte _2qrmak |
|
| 650 | 1 |
_aLiberté individuelle _zÉgypte |
|
| 651 | 1 | _2qrmak | |
| 700 | 1 |
_a Badawi, Aly Mohammad, _ePrésident |
|
| 700 | 1 |
_a Cheron, Albert, _eIllustrateur |
|
| 700 | 1 |
_a Al Kolali, M. Moustafa, _eIllustrateur |
|
| 710 | 2 |
_aUniversité égyptienne. _b Faculté de droit. |
|
| 856 | 4 | 0 | _uhttps://fll.law.cu.edu.eg/fulltext/bks/B10-10362.pdf |
| 905 | _a167 | ||
| 942 |
_2ddc _cBK _e21 _n0 |
||
| 999 |
_c72140 _d72140 |
||